| 000 | 00810cam a22002535a 4500 | ||
|---|---|---|---|
| 001 | 016535841 | ||
| 003 | OSt | ||
| 005 | 20170208151636.0 | ||
| 008 | 140430t2014 enka frb 001 0 eng d | ||
| 020 | _a9781292020730 | ||
| 020 | _a1292020733 | ||
| 040 |
_aStDuBDS _beng _cStDuBDS _dUk _dEG-ScBUE |
||
| 082 | 0 | 4 |
_222 _a370.15 _bSLA |
| 100 | 1 | _aSlavin, Robert E. | |
| 245 | 1 | 0 |
_aEducational psychology : _btheory and practice / _cRobert E. Slavin. |
| 250 | _a10th ed., Pearson new international ed. | ||
| 260 |
_aHarlow : _bPearson Education Limited, _cc.2014. |
||
| 300 |
_aii, 578 p. : _bill. ; _c28 cm. |
||
| 490 | 0 | _aPearson custom library | |
| 504 | _aIncludes bibliographical references and index. | ||
| 650 | 7 |
_aEducational psychology. _2BUEsh _95967 |
|
| 653 |
_bHHUUPPSS _cFebruary2017 |
||
| 942 | _2ddc | ||
| 999 |
_c24102 _d24074 |
||